000 01051nam a22002537a 4500
005 20170124102947.0
010 _aB-067645
020 _c100.00
_a8187396598
035 _aB-067645
037 _bCen Lib/Ret
040 _aDPL
_bHN
082 _a821
_bदुआपृ
100 _aदुआ, पृथ्वीराज
_950147
245 _aठहरी कुछ बूँदें :
_c पृथ्वीराज दुआ
_bकाव्य संगढ़ /
246 _aThahri kuch boonden : kavy sangrah /
_bby Prithviraj Dua
260 _a दिल्ली
_bअनुभव प्रकाशन
_c2002
270 _b दिल्ली
_aबी-७३, दूराजमहल विहार
_e110092
300 _a112पृ.
_c21सेमी(सजिल्द )
650 _aहिंदी साहित्य
_x
_z
_950148
650 _aहिंदी काव्य
_950149
650 _aHindi literature
_950150
650 _aHindi poetry
_950151
942 _2ddc
_cHN
_h821
_mदुआपृ
999 _c113003
_d113003